How Many Films From The 1970s can you name - Statistics

General Stats
  • This quiz has been taken 46 times
  • The average score is 26 of 100
Answer Stats
Director or Cast Member Year Answer % Correct
Steven Speilberg 1975 Jaws
93%
Francis Ford Coppola 1972 The Godfather
93%
Gene Hackman 1971 The French Connection
78%
John G. Avildsen 1976 Rocky
74%
Ridley Scott 1979 Alien
70%
Woody Allen 1977 Annie Hall
67%
Mel Brooks 1974 Blazing Saddles
67%
Francis Ford Coppola 1979 Apocalypse Now
63%
William Friedkin 1973 The Exorcist
63%
Stanley Kubrick 1971 A Clockwork Orange
59%
George Lucas 1973 American Graffiti
56%
John Carpenter 1978 Halloween
56%
Sylvester Stallone 1979 Rocky II
56%
Francis Ford Coppola 1974 The Godfather: II
56%
Isaac Hayes 1971 Shaft
52%
Mel Brooks 1974 Young Frankenstein
52%
Brian De Palma 1976 Carrie
44%
Roman Polanski 1974 Chinatown
44%
Micheal Cimino 1978 Deer Hunter
44%
George Burns 1977 Oh God!
44%
Milos Forman 1975 One Flew Over The Cuckoos Nest
44%
Richard Donner 1978 Superman
44%
Artin Scorsese 1976 Taxi Driver
44%
George Roy Hill 1973 The Sting
44%
Bob Fosse 1972 Cabaret
41%
Robert Altman 1970 M.A.S.H
41%
Alan J Pakula 1971 Klute
37%
George Lucas 1977 Star Wars: A New Hope
37%
Ben Johnson 1971 The Last Picture Show
37%
Sydney Pollack 1973 The Way We Were
37%
Frank Pierson 1976 A Star Is Born
33%
Norman Jewison 1971 Fiddler On The Roof
33%
Randal Kleiser 1978 Grease
33%
Woody Allen 1979 Manhattan
33%
Alan J Pakula 1976 All The Presidents Men
30%
Terry Jones 1979 Life Of Brian
30%
Arthur Hill 1970 Love Story
30%
Hal Ashby 1975 Shampoo
30%
Richard Donner 1976 The Omen
30%
George Seaton 1970 Airport
26%
Warren Beatty 1978 Heaven Can Wait
26%
Jeannot Swarzc 1978 Jaws 2
26%
Rogert Moore 1977 The Spy Who Loved Me
26%
Jane Fonda 1978 Coming Home
22%
Sidney Lumet 1975 Dog Day Afternoon
22%
Robert Benton 1979 Kramer vs Kramer
22%
Peter Bogdanovich 1973 Paper Moon
22%
John Badham 1977 Saturday Night Fever
22%
Jim Henson 1979 The Muppets Movie
22%
Tobe Hooper 1974 The Texas Chainsaw Massacre
22%
Peter Bogdanovich 1972 What's Up Doc
22%
Blake Edwards 1979 10
19%
Herbert Ross 1977 The Goodbye Girl
19%
Richard Dreyfuss 1978 The Goodbye Girl
19%
Irwin Allen 1972 The Poseidon Adventure
19%
Mark Robson 1974 Earthquake
15%
John Guillermann 1976 King Kong
15%
Arthur Penn 1970 Little Big Man
15%
Blake Edwards 1978 Revenge Of The Pink Panther
15%
Wolfgang Reitherman 1973 Robin Hood
15%
Wolfgang Reitherman 1970 The Aristo Cats
15%
Micheal Ritchie 1976 The Bad News Bear
15%
Bob Newhart 1977 The Rescuers
15%
Ken Russell 1975 Tommy
15%
George Miller 1979 Mad Max
11%
Jim Sharman 1975 Rocky Horror Picture Show
11%
John Schlesinger 1971 Sunday Bloody Sunday
11%
Peter Yates 1977 The Deep
11%
Robert Aldrich 1974 The Longest Yard
11%
Peter Sellers 1975 The Return Of The Pink Panther
11%
Richard Fleischer 1970 Tora! Tora! Tora!
11%
Richard Attenbourough 1977 A Bridge Too Far
7%
Alan Parker 1978 Midnight Express
7%
Sidney Lumet 1974 Murder On The Orient Express
7%
John Landis 1978 National Lampoons Animal House
7%
Douglas Thrumbill 1972 Silent Running
7%
Robert Mulligan 1971 Summer Of 42'
7%
James Fargo 1976 The Enforcer
7%
Sydney Pollack 1975 Three Days Of The Condor
7%
Jack Smight 1974 Airport 1975
4%
Bill Paxton 1975 Crazy Mama
4%
Robert Daley 1978 Every Which Way But Loose
4%
Barbra Streisand 1975 Funny Lady
4%
Hal Needham 1978 Hooper
4%
Jack Smight 1976 Midway
4%
Arthur Hiller 1976 Silver Streak
4%
Robert Wise 1979 Star Trek: The Motion Picture
4%
Robert Klane 1978 Thank God Its Friday
4%
Charles E Sellier 1974 The Life And Times Of Grizzly Adams
4%
Steven Speilberg 1977 Close Encounters With The Third Kind
0%
Steven Speilberg 1971 Dune
0%
George McCowan 1972 Frogs
0%
Walter Hill 1975 Hard Times
0%
Patrick Stewart 1975 Hennessy
0%
Wolfgang Rethermann 1977 Many Adventures Of Winnie The Pooh
0%
Horacio Fredrikson 1976 Snuff
0%
Freddie Francis 1972 Tales From The Crypt
0%
Jim Thompson 1972 The Getaway
0%
John Guillermann 1974 The Towering Infernos
0%
Dolores Taylor 1974 The Trial Of Billy Jack
0%
No matching quizzes found
Score Distribution
Percent of People with Each Score
Percentile by Number Answered
Your Score History
You have not taken this quiz